<?xml version="1.0" encoding="UTF-8"?><?xml-stylesheet type="text/xsl" href="static/style.xsl"?><OAI-PMH xmlns="http://www.openarchives.org/OAI/2.0/" xmlns:xsi="http://www.w3.org/2001/XMLSchema-instance" xsi:schemaLocation="http://www.openarchives.org/OAI/2.0/ http://www.openarchives.org/OAI/2.0/OAI-PMH.xsd"><responseDate>2026-04-28T19:49:43Z</responseDate><request verb="GetRecord" identifier="oai:uvadoc.uva.es:10324/4029" metadataPrefix="marc">https://uvadoc.uva.es/oai/request</request><GetRecord><record><header><identifier>oai:uvadoc.uva.es:10324/4029</identifier><datestamp>2021-06-29T09:40:10Z</datestamp><setSpec>com_10324_38</setSpec><setSpec>col_10324_852</setSpec></header><metadata><record xmlns="http://www.loc.gov/MARC21/slim" xmlns:doc="http://www.lyncode.com/xoai" xmlns:xsi="http://www.w3.org/2001/XMLSchema-instance" xmlns:dcterms="http://purl.org/dc/terms/" xsi:schemaLocation="http://www.loc.gov/MARC21/slim http://www.loc.gov/standards/marcxml/schema/MARC21slim.xsd">
<leader>00925njm 22002777a 4500</leader>
<datafield tag="042" ind1=" " ind2=" ">
<subfield code="a">dc</subfield>
</datafield>
<datafield tag="720" ind1=" " ind2=" ">
<subfield code="a">Clavero Ríos, Rosa María</subfield>
<subfield code="e">author</subfield>
</datafield>
<datafield tag="260" ind1=" " ind2=" ">
<subfield code="c">2013</subfield>
</datafield>
<datafield tag="520" ind1=" " ind2=" ">
<subfield code="a">El siguiente trabajo ofrece una visión sobre la importancia del papel del voluntariado en los grupos interactivos de las Comunidades de Aprendizaje. Este proyecto educativo propone acabar con las desigualdades sociales a través de propuestas de éxito, basadas en la equidad y la democracia en la educación con el objetivo de lograr una sociedad mejor. El voluntariado es, en el proyecto, una pieza clave y en esta investigación se ha puesto el foco en su actuación para relacionar la importancia de sus intervenciones con el aumento en número y calidad de las interacciones que se producen entre el alumnado y que son la base de la mejora del aprendizaje y la convivencia.</subfield>
</datafield>
<datafield tag="024" ind2=" " ind1="8">
<subfield code="a">http://uvadoc.uva.es/handle/10324/4029</subfield>
</datafield>
<datafield ind1=" " ind2=" " tag="653">
<subfield code="a">Voluntariado</subfield>
</datafield>
<datafield ind1=" " ind2=" " tag="653">
<subfield code="a">Educación en valores</subfield>
</datafield>
<datafield tag="245" ind1="0" ind2="0">
<subfield code="a">Experiencias de transformación social: Comunidades de Aprendizaje. El papel del voluntariado</subfield>
</datafield>
</record></metadata></record></GetRecord></OAI-PMH>